00734 2200265 4500001002100000005001500021035002000036007000300056040001200059100003500071245007300106250001300179300002600192020001800218082001200236084001800248090002800266264003900294336002100333337003000354338002300384650001000407850001000417008004100427INLIS00000000000886620260518082031 a0010-1022000241ta aSBPUPAD aBambang Joko SusiloePengarang1 aKetika Matahari Tak Tampak :bKumpulan Cerpen /cBambang Joko Susilo a.-Cet. 2 avii, 84 hlm. ;c21 cm a979-666-152-7 a899.221 a899.221 BAM k a899.221 BAM k L 24 R 15 a.--Jakarta :bBalai Pustaka,c2020 2rdacontentateks 2rdamediaatanpa perantara 2rdacarrieravolume 4afiksi aPUPAD260518 0